Haupstädte zu Ländern Amerikas - Statistiken

Allgemein
  • Dieses Quiz wurde 1.567 mal gespielt
  • Das Durchschnittsergebnis liegt bei 17 aus 29
Antwortstatistiken
Land Haupstadt % Korrekt
USA Washington DC
99%
Mexiko Mexiko Stadt
97%
Kanada Ottawa
93%
Brasilien Brasilia
83%
Panama Panama Stadt
78%
Kuba Havanna
76%
Argentinien Buenos Aires
75%
Guatemala Guatemala Stadt
72%
Peru Lima
72%
El Salvador San Salvador
70%
Kolumbien Bogota
66%
Uruguay Montevideo
65%
Venezuela Caracas
63%
Ecuador Quito
63%
Jamaika Kingston
62%
Chile Santiago de Chile
58%
Costa Rica San Jose'
54%
Bolivien Sucre
50%
Bahamas Nassau
49%
Haiti Port au Prince
48%
Nicaragua Managua
46%
Dominikanische Republik Santo Domingo
46%
Paraguay Asuncion
44%
Guyana Georgetown
43%
Belize Belmopan
41%
Suriname Paramaribo
38%
Honduras Tegucigalpa
37%
Franz. Guayana Paris
25%
Puerto Rico (USA) San Juan
20%
Keine übereinstimmenden Quizze gefunden
Verteilung der Resultate
Anzahl Personen mit jedem Resultat
Perzentil nach korrekt beantworteten Fragen
Ihre Resultats-Entwicklung
Sie haben dieses Quiz noch nicht gespielt